000 01162nam a2200289Ia 4500
003 OSt
005 20220930092904.0
006 a|||||r|||| 00| 0
007 ta
008 220926b |||||||| |||| 00| 0 eng d
024 _a26394
037 _cTheses
040 _aCRL
_cCRL
_beng
041 _2eng
_aeng
100 _aRajinder Kumar
110 _aUniversity of Delhi. Faculty of Medical Sciences. Department of General Surgery
245 0 _aProspective randomiesed controlled single blind study assesing impact of composite mesh and polypropylene mesh on chronic groin pain and early recurrance in open mesh repair of inguinal hernia
260 _c2014
650 _aSURGERY
700 _a Dr. Deborshi Sharma Gu.
700 _a Dr. O. P. Pathania Gu.
_9519355
700 _a Dr. Romesh Lal Gu.
_9532808
700 _a Dr. Shaji Thomas Gu.
_9536836
700 _aUniversity of Delhi. Faculty of Medical Sciences. Department of General Surgery
942 _cDIS
_2CC
999 _c884455
_d884455